Learning disabilities and related disorders : (Record no. 16998)

000 -LEADER
fixed length control field 01531cam a2200337 a 4500
008 - FIXED-LENGTH DATA ELEMENTS--GENERAL INFORMATION
fixed length control field 040714s2006 maua b 001 0 eng
010 ## - LIBRARY OF CONGRESS CONTROL NUMBER
LC control number 2004110351
020 ## - INTERNATIONAL STANDARD BOOK NUMBER
International Standard Book Number 0618474021
020 ## - INTERNATIONAL STANDARD BOOK NUMBER
International Standard Book Number 9780618474028
050 00 - LIBRARY OF CONGRESS CALL NUMBER
Classification number LC4704 .L48 2006
100 1# - MAIN ENTRY--PERSONAL NAME
Personal name Lerner, Janet W.
245 10 - TITLE STATEMENT
Title Learning disabilities and related disorders :
Remainder of title characteristics and teaching strategies /
Statement of responsibility, etc. Janet W. Lerner with Frank Kline.
250 ## - EDITION STATEMENT
Edition statement 10th ed.
260 ## - PUBLICATION, DISTRIBUTION, ETC. (IMPRINT)
Place of publication, distribution, etc. Boston :
Name of publisher, distributor, etc. Houghton Mifflin,
Date of publication, distribution, etc. c2006.
300 ## - PHYSICAL DESCRIPTION
Extent xxvii, 549, 19, 10, 24, 22 p. :
Other physical details ill. ;
Dimensions 24 cm.
504 ## - BIBLIOGRAPHY, ETC. NOTE
Bibliography, etc Includes bibliographical references (R/1-R/24) and indexes.
650 #0 - SUBJECT ADDED ENTRY--TOPICAL TERM
Topical term or geographic name as entry element Learning disabilities.
650 #0 - SUBJECT ADDED ENTRY--TOPICAL TERM
Topical term or geographic name as entry element Learning disabled children
General subdivision Education.
700 1# - ADDED ENTRY--PERSONAL NAME
Personal name Kline, Frank M.
700 1# - ADDED ENTRY--PERSONAL NAME
Personal name Lerner, Janet W.
942 ## - ADDED ENTRY ELEMENTS (KOHA)
Source of classification or shelving scheme
Koha item type Hard Covered Materials
Classification part LC4704 .L48 2006
Holdings
Withdrawn status Lost status Source of classification or shelving scheme Damaged status Not for loan Home library Current library Shelving location Date acquired Source of acquisition Total Checkouts Full call number Barcode Date last seen Price effective from Koha item type
          MACHAKOS UNIVERSITY LIBRARY MACHAKOS UNIVERSITY LIBRARY Technical section 18/11/2016 Donation(BFA)   LC4704 .L48 2006 25840 11/07/2018 18/11/2016 Hard Covered Materials
© Machakos University Library, Along The Highway, Machakos Wote Rd, Machakos, Kenya P.O. Box 136 - 90100 Machakos - Kenya

Tel: ( +254 ) 723 805829 OR Fax : 044-20353 OR Email: library@mksu.ac.ke